| 000 | 00967nam a22003017a 4500 | ||
|---|---|---|---|
| 001 | 7932 | ||
| 003 | FISKH | ||
| 005 | 20250814101055.0 | ||
| 008 | 250814b cb ||||| |||| 00| 0 eng d | ||
| 020 | _a1856180387 | ||
| 040 |
_aFISKH _beng _cFISKH _dFISKH |
||
| 050 | _a843.914 | ||
| 082 | _aPZ7 | ||
| 100 |
_aTharlet, Eve _d(1956-) |
||
| 245 |
_aArchibald / _cBy Eve Tharlet ; Adapted by Andrew Clements |
||
| 250 | _aThis edition first published in 1992 | ||
| 260 |
_aLondon : _bPictureBooks, _c1992 |
||
| 300 |
_a22 unnumbered pages : _bcolor illustrations ; _c25 cm |
||
| 505 | _aR | ||
| 520 | _aEccentric old Archibald alarms the neighbors with his pranks and far-fetched stories, but they miss him after they force him to move away. | ||
| 521 | 8 |
_a720
_bLexile |
|
| 521 | 8 |
_aR
_bRaz-Plus |
|
| 650 |
_2First Edition _aChildren's |
||
| 650 |
_2Neighbors _aPrank |
||
| 700 |
_aTharlet, Eve _dillustrator |
||
| 942 |
_2ddc _cBK _n0 |
||
| 999 |
_c7932 _d7932 |
||